Normal view
MARC view
- Ruiz Sánchez, Diego
Entry Nombre Personal
001 - NUMERO DE CONTROL
- campo de control: 43274
003 - IDENTIFICADOR DE NUMERO DE CONTROL
- campo de control: MX-MxUPN
005 - FECHA Y HORA DE LA ÜLTIMA TRANSACCIÓN
- campo de control: 20231006143754.0
008 - DATOS DE LONGITUD FIJA
- campo de control de longitud fija: 231006n||acnnnaabn a ana |d
035 ## - NUMERO DE CONTROL
- Número de control: UPN11000015381
040 ## - FUENTE DE CATALOGACIÓN
- Agencia original de catalogación: MX-MxUPN
- Lenguaje de catalogación: spa
- Agencia de transcripción: MX-MxUPN
100 1# - ENCABEZAMIENTO - NOMBRE PERSONAL
- Nombre personal: Ruiz Sánchez, Diego
400 1# - VEÁSE - NOMBRE DE PERSONA
- Personal name: Ruiz, Diego
670 ## - FUENTE EN LA QUE SE LOCALIZARON DATOS
- Cita de la fuente: T
- Información localizada: Bats'i k'op : lengua tsotsil, Chiapas
902 ## - CATALOGADOR
- Catalogador: MCM/120220
